| 000 | 00619nam a22002177a 4500 | ||
|---|---|---|---|
| 003 | UA-OsUOA | ||
| 001 | 93895 | ||
| 007 | ta | ||
| 008 | 20130130b un ||||| |||| 00| 0 ukr d | ||
| 090 |
_a7.071.7(038) _bС45 |
||
| 942 | _cBK | ||
| 040 |
_aUA-OsUOA _bukr _cUA-OsUOA _dUA-OsUOA |
||
| 245 |
_aСкрипкові майстри України _bкороткий довідник _cуклад. Голубокий С. |
||
| 300 | _a44 с. | ||
| 955 | _a4 | ||
| 041 | _aukr | ||
| 080 | _a7.071.7(038) | ||
| 260 |
_aК. _c2006 |
||
| 650 | 7 |
_a7.0 Загальні питання мистецтва _2UDC |
|
| 999 |
_c380138 _d380138 |
||